000 00287nam a2200121Ia 4500
008 190216s9999||||xx |||||||||||||| ||und||
100 _aSadagopan G
245 0 _aEconomic Analysis
260 _bAmuthan Pathippagam Kumbakonam
_c1993
300 _a340p
650 _aEconomics
942 _cBK
999 _c9902
_d9902